000
00295nam a2200109Ia 4500
008
190216s9999||||xx |||||||||||||| ||und||
100
_a
Ahamed Moulavi
245
0
_a
Teaching Of The Holly Prophet
260
_b
"Sree Ram Vilas Press & Book Depot,Quilon"
650
_a
Islamic History
942
_c
BK
999
_c
21992
_d
21992